zpět

Detail výsledku týmu

U Opata, Pardubice

Datum a čas kvízu

23.5 Celkem bodů Celkový počet nahraných bodů na tomto kvízu bez doplňovacích otázek.
4. Pořadí na kvízu Konečné umístění týmu na tomto kvízu.

Zaznamenané odpovědi

# Otázka Odpověď Body Výsledky
1. Do pražských ulic vyjela tramv... 0
2. Minulé úterý oznámila média sm... 0
3. Moderátorský tým motoristickéh... 1
4. Známá společnost v úterý otevř... 0
5. Serena Willliamsová při svém n... 0
6. Toto téma je dalším, které jst... 0
7. Napište název básně ze sbírky... 0
5. Velmi osobitou postavou české... 0
5. Jak se jmenoval levicový uměle... 0
10. Ve šlépějích známého českého s... 0